00900nam a22002777a 45000010005000000030006000050050017000110080041000280200014000690400029000830500015001120820011001271000019001382450044001572500046002012600037002473000049002844900012003335050008003455200107003535210029004605210020004896500046005096500029005557000038005847638FISKH20250828112535.0250729b cb ||||| |||| 00| 0 eng d a043922743 aFISKHbengcFISKHdFISKH aQL756 .H49 a591.56 aHewitt, Sally  aAnimal homes /cWritten by Sally Hewitt aFirst Scholastic printing, September 2000 aNew York : bScholastic ,c2000. a30 pages : bcolor illustrations ;c27 cm .  aLadders aK  a"Find out about all kinds of animal homes, from underground tunnels to treehouses, shells, and more." 8 a510 bLexile estimate 8 aK bRaz-Plus  aAnimal and Plant AdaptationsvNon-fiction aMole burrowvNon-fiction aDogi, FiamettaeMain Illustrator